000
00315nam a22001457a 4500
008
210309b ||||| |||| 00| 0 eng d
020
_a
053419950X
041
_a
eng
080
_2
8th
_a
574
082
_a
574
100
_a
9
101
_a
MJE
245
_a
Living in the Environment
_c
Miller, T
942
_2
udc
_c
BK
999
_c
56096
_d
56096